The International Relations of the Persian Gulf / (Record no. 17050)
[ view plain ]
| 000 -LEADER | |
|---|---|
| fixed length control field | 01200cam a2200253 a 4500 |
| 001 - CONTROL NUMBER | |
| control field | 16140948 |
| 005 - DATE AND TIME OF LATEST TRANSACTION | |
| control field | 20121003124643.0 |
| 008 - FIXED-LENGTH DATA ELEMENTS--GENERAL INFORMATION | |
| fixed length control field | 100317s2010 enkb b 001 0 eng |
| 020 ## - INTERNATIONAL STANDARD BOOK NUMBER | |
| International Standard Book Number | 9780521190237 (hbk.) |
| 020 ## - INTERNATIONAL STANDARD BOOK NUMBER | |
| International Standard Book Number | 0521190231 (hbk.) |
| 020 ## - INTERNATIONAL STANDARD BOOK NUMBER | |
| International Standard Book Number | 0521137306 (pbk.) |
| 020 ## - INTERNATIONAL STANDARD BOOK NUMBER | |
| International Standard Book Number | 9780521137300 (pbk.) |
| 082 04 - DEWEY DECIMAL CLASSIFICATION NUMBER | |
| Classification number | 327.53 |
| Edition number | 22 |
| Item number | GAU |
| 100 1# - MAIN ENTRY--PERSONAL NAME | |
| Personal name | Gause, F. Gregory. |
| 9 (RLIN) | 31042 |
| 245 14 - TITLE STATEMENT | |
| Title | The International Relations of the Persian Gulf / |
| Statement of responsibility, etc | F. Gregory Gause III. |
| 260 ## - PUBLICATION, DISTRIBUTION, ETC. (IMPRINT) | |
| Place of publication, distribution, etc | Cambridge : |
| Name of publisher, distributor, etc | Cambridge University Press, |
| Date of publication, distribution, etc | 2010. |
| 300 ## - PHYSICAL DESCRIPTION | |
| Extent | xi, 258 p. : |
| Other physical details | maps ; |
| Dimensions | 23 cm. |
| 504 ## - BIBLIOGRAPHY, ETC. NOTE | |
| Bibliography, etc | Includes bibliographical references and index. |
| 505 0# - FORMATTED CONTENTS NOTE | |
| Formatted contents note | The Persian Gulf as a security region -- the emergence of the Gulf regional system, 1971-1978 -- The Iranian Revolution and the Iran-Iraq War -- The Gulf War and the 1990s -- 9/11, the Iraq War and the future of the Persian Gulf -- The Iraq War : American decision-making -- Conclusions : war and alliance in the Persian Gulf. |
| 651 #0 - SUBJECT ADDED ENTRY--GEOGRAPHIC NAME | |
| Geographic name | Persian Gulf Region |
| General subdivision | Foreign relations. |
| 9 (RLIN) | 31043 |
| 653 ## - INDEX TERM--UNCONTROLLED | |
| Resource For college | |
| Arrived date list | October2012 |
| 942 ## - ADDED ENTRY ELEMENTS (KOHA) | |
| Source of classification or shelving scheme | Dewey Decimal Classification |
| Item type | Book - Borrowing |
| Withdrawn status | Item status | Source of classification or shelving scheme | Damaged status | Not for loan | Vendor | Home library | Current library | Shelving location | Date acquired | Source of acquisition | Cost, normal purchase price | Serial Enumeration / chronology | Total Checkouts | Full call number | Barcode | Date last seen | Koha item type | Total Renewals | Date last borrowed |
|---|---|---|---|---|---|---|---|---|---|---|---|---|---|---|---|---|---|---|---|
| Dewey Decimal Classification | Baccah | Central Library | Central Library | First floor | 03/10/2012 | 160.00 | 3 | 327.53 GAU | 000027541 | 15/07/2025 | NB - Book (Non borrowing) | ||||||||
| Dewey Decimal Classification | Baccah | Central Library | Central Library | First floor | 03/10/2012 | 160.00 | 3 | 6 | 327.53 GAU | 000027542 | 15/07/2025 | Book - Borrowing | 11 | 29/05/2016 | |||||
| Dewey Decimal Classification | Baccah | Central Library | Central Library | First floor | 03/10/2012 | 160.00 | 3 | 7 | 327.53 GAU | 000027543 | 15/07/2025 | Book - Borrowing | 24 | 08/04/2019 |